00982nam a2200277Ia 450000500170000000800410001702000180005810000300007624500790010625000200018530000600020549000240026552100610028965000500035065000520040065000360045270000250048894200150051326400270052833600270055533700330058233800280061504000350064308400110067899900150068920220317000954.0160825s2009 ve a g 000 0 spa  a97898025710121 aNazoa, Aquilesd1920-197610aFábula de la avispa ahogadacAquiles Nazoa ; ilustrado por Vicky Sempere a11a. edición  a36 páginas bilustraciones en blanco y negro c16 cm  aRimas y adivinanzas aRecomendado para un público infantil mayor de 6 años142LEMBaPoesía infantil venezolana ySiglo XX142LEMBaLiteratura infantil venezolana ySiglo XX142LEMBaAvispas en la literatura 1 aSempere, Vicky98552 2loccBKINF aCaracasbEkaréc2009 atextobtxt2rdacontent asin mediaciónbn2rdamedia avolumenbnc2rdacarrier aCO-BoRNBPbspaerdacCO-BoRNBP aP NAZ1 c5559d5559